| 000 | 01306cam a22003617i 4500 | ||
|---|---|---|---|
| 001 | 18934694 | ||
| 005 | 20260420170708.0 | ||
| 008 | 160113s2016 enka b 001 0 eng d | ||
| 020 |
_a9780857259714 _qpaperback |
||
| 020 |
_a0857259717 _qpaperback |
||
| 020 |
_a9781446257128 _qhardback |
||
| 020 |
_a1446257126 _qhardback |
||
| 020 |
_z9780857259738 _q(ebook) |
||
| 020 |
_z0857259733 _q(ebook) |
||
| 050 | 0 | 0 |
_aHV751.A6 _bD383 2016 |
| 082 | 0 | 4 |
_a362.7680941 _223 |
| 100 | 1 |
_aDavies, Liz, _d1948- _eauthor. |
|
| 245 | 1 | 0 |
_aProactive child protection and social work / _cLiz Davies and Nora Duckett. |
| 250 | _a2nd edition. | ||
| 260 |
_aLondon _bSage _c2016 |
||
| 300 |
_axii, 243 pages : _billustrations ; _c25 cm. |
||
| 500 | _aPrevious edition: 2008. | ||
| 650 | 0 |
_aSocial work with children _zGreat Britain. |
|
| 650 | 0 |
_aAbused children _xServices for _zGreat Britain. |
|
| 650 | 0 |
_aChild welfare _zGreat Britain. |
|
| 650 | 0 |
_aChild abuse _zGreat Britain. |
|
| 650 | 0 |
_aSocial work with children _zGreat Britain _vCase studies. |
|
| 650 | 0 |
_aAbused children _xServices for _zGreat Britain _vCase studies. |
|
| 650 | 0 |
_aChild welfare _zGreat Britain _vCase studies. |
|
| 650 | 0 |
_aChild abuse _zGreat Britain _vCase studies. |
|
| 700 | 1 |
_aDuckett, Nora, _eauthor. |
|
| 942 |
_2lcc _cBK _e2nd ed. _n0 |
||
| 999 |
_c9303 _d9303 |
||